Stratégia sociálnej reformy v roku 1993

Kontinuita transformačného programu v programovom vyhlásení vlády SR z r.1992. Novokoncipovaný vzťah medzi hospodárskou reformou a reformou sociálnou. Pôvodné prístupy z r.199O, v koncepcii transformácie sociálneho zabezpečenia, nadväzujúci súbor troch systémov: sociálneho poistenia, štátnej sociáln...

Descrizione completa

Salvato in:
Dettagli Bibliografici
Autore principale: Konečný, Stanislav
Natura: Capitolo di libro
Lingua:slovacco
Soggetti:
Tags: Aggiungi Tag
Nessun Tag, puoi essere il primo ad aggiungerne!!

MARC

LEADER 00000naa a2200000 4500
001 r014697
005 20220517131041.9
041 0 |a slo 
044 |a SK 
245 1 0 |a Stratégia sociálnej reformy v roku 1993  |c Stanislav Konečný 
520 |a Kontinuita transformačného programu v programovom vyhlásení vlády SR z r.1992. Novokoncipovaný vzťah medzi hospodárskou reformou a reformou sociálnou. Pôvodné prístupy z r.199O, v koncepcii transformácie sociálneho zabezpečenia, nadväzujúci súbor troch systémov: sociálneho poistenia, štátnej sociálnej podpory a sociálnej pomoci. Východiská sociálnej reformy. Dopady hospodárskej reformy na sociálnu štruktúru. Možnosti politiky zamestnanosti. Vývoj miezd a životných nákladov. Sociálna politika. 
610 2 0 |a reformy sociálne 
610 2 0 |a reformy hospodárske 
610 2 0 |a transformácia 
610 2 0 |a systémy sociálne 
610 2 0 |a politika sociálna 
610 2 0 |a zabezpečenie sociálne 
610 2 0 |a programy vládne 
610 2 0 |a Slovensko 
610 2 0 |a koncepcie 
100 1 |a Konečný, Stanislav